000 01031nam0a22002771 4500
001 rc\3771943
005 20260409070241.0
035 _a(NLR Aleph) 007221153
090 _a7697968
_c7697968
100 _a20120127d1975 |||y0rusy50 ca
101 1 _arus
_cmon
102 _aRU
105 _ay z |||||
200 1 _aПобеда, увиденная воочию, впечатления, навечно оставшиеся в памяти
_eПосвящ. 30-летию Победы над фашистской Германией
_fПер. с монг. Б. Тумурбат
210 _aМосква
_cВоениздат
_d1975
215 _a35 с.
_d20
606 _aВеликая Отечественная война
_z1941 - 1945
_xГодовщины
_3RU\NLR\AUTH\66187542
_91237240
686 1 _aЦ35(2)722,021.2
700 1 _aБатаа
_bС.
702 1 _aТумурбат
_bБ.
_4730
801 0 _aRU
_bNLR
_gpsbo
801 1 _aRU
_bELAR
_2rusmarc
852 _aNLR
_j75-4/7454
942 _cBOOK
980 _aNB